Vista normal
Vista MARC
Entrada Materia (tema)
Número de registros utilizados en: 1
001 - CONTROL NUMBER
- control field: 176842
003 - CONTROL NUMBER IDENTIFIER
- control field: Co-BoUCM
005 - DATE AND TIME OF LATEST TRANSACTION
- control field: 20230221123957.0
008 - FIXED-LENGTH DATA ELEMENTS
- fixed length control field: 230221|| aca||aabn | a|a d
040 ## - CATALOGING SOURCE
- Original cataloging agency: Co-BoUCM
- Transcribing agency: Co-BoUCM
150 ## - HEADING--TOPICAL TERM
- Topical term or geographic name as entry element: Control de alimentos
- General subdivision: Tratados internacionales
670 ## - SOURCE DATA FOUND
- Source citation: Work cat.: (Co-BoUCM): El etiquetado frontal de advertencia de productos comestibles ultraprocesados, 2021